Greatest NBA Players Who Never/Haven't Won A Ring (So Far) - Statistics

General Stats
  • This quiz has been taken 919 times
    892 since last reset
  • The average score is 13 of 19
Answer Stats
Team #1 (If) Team #2 # (if) 2nd # Answer % Correct
Jazz #32 Karl Malone
92%
Suns Mavericks #13 Steve Nash
90%
Thunder Warriors #35 Kevin Durant
86%
Thunder #0 Russell Westbrook
86%
Clippers #3 Chris Paul
83%
Raptors Nets #15 Vince Carter
81%
76ers Nuggets #3 Allen Iverson
77%
Jazz #12 John Stockton
76%
Knicks #33 Patrick Ewing
76%
Knicks #7 Carmelo Anthony
73%
Pacers #31 Reggie Miller
73%
Rockets Magic #1 Tracy McGrady
69%
Hawks #21 Dominique Wilkins
66%
Spurs #44 George Gervin
63%
Lakers #22 Elgin Baylor
56%
Warriors Kings #4 Chris Webber
53%
Suns 76ers #34 #32 Charles Barkley
48%
Warriors #17 Chris Mullin
48%
Hawks Jazz #44 #7 Pete Maravich
41%
No matching quizzes found
Score Distribution
Percent of People with Each Score
Percentile by Number Answered
Your Score History
You have not taken this quiz since the last reset